000
00278nam a22001337a 4500
008
170426b xxu||||| |||| 00| 0 eng d
020
_a
9780471215172
041
_a
eng
080
_2
4TH
_a
54
100
_a
12
101
_a
SHM
245
_a
CHEMISTRY
_c
BRADY
942
_2
udc
_c
BK
999
_c
12075
_d
12075